Dove giocava nel 2010-2011? - Quiz n°42 - Statistics

Statistiche generali
  • Questo quiz è stato fatto 13 volte
  • Il punteggio medio è 9 su 10
Statistiche sulle risposte
Hint Risposta % Corretto
Mateo Kovačić Dinamo Zagabria
100%
Hernanes Lazio
100%
Alessandro Lucarelli Parma
100%
Gareth Bale Tottenham
100%
Shunsuke Nakamura Yokohama F·Marinos
100%
Son Heung-min Amburgo
92%
Vasilīs Torosidīs Olympiakos
92%
Nacho Monreal Osasuna
92%
Raphaël Varane Real Madrid
92%
Maurizio Domizzi Udinese
75%
Nessun quiz corrispondente trovato
Distribuzione punteggi
Percentuale di utenti per punteggio
Percentile per numero di risposta
I tuoi punteggi nel tempo
Non hai fatto questo quiz